LEADER 01643nas a2200313 i 4500 001 000000243729 003 CaOOAMICUS 005 20150727000000.0 008 150713b2015 is uu u0 0mul r 013 $a222634 020 $a978-88-6240-343-6 040 $aSeMil$bita 240 10$aDedicated to Giovanni Claudio Bottini (ofm) on the Occasion of His 70th Birthday.$0(OLS)http://semarc/title/345649 245 10$a[2014]. 260 $aTurnhout :$bBrepols,$ccopyr. 2015. 260 $aMilano :$bEd. Terra Santa,$ccopyr. 2015. 260 $aJerusalem :$bStudium Biblicum Franciscanum,$ccopyr. 2015. 300 $a741 p. :$b[1] c. di ritratto, ill., tabelle ;$c24 cm. 500 $aIn mezzo al front. : Dedicated to Giovanni Claudio Bottini (ofm) on the Occasion of His 70th Birthday. - Contiene : Bibliografia di Giovanni Claudio Bottini ; Sintesi degli articoli = Abstracts [in inglese] ; Studium Biblicum Franciscanum, Anno Accademico 2013-2014 ; Indici "Liber Annuus" 1981-2013. 700 1 $aBottini, Giovanni Claudio,$c.$0(OLS)http://semarc/name/48194 774 0 $t[vedi periodico].$w()287817 850 $aSeMil 852 $aSeMil$W1$xVenegono$y1$m35 6 38$j194075$B194075$CSeMilBibl$Z2$F204915 $85 961 $aCambio: Scuola Cattolica 996 $6020$a978-88-6240-343-6$9(OLS)http://semarc/number/251619 996 $6245$a[2014]$9(OLS)http://semarc/title/322283 996 $6260$aTurnhout :$bBrepols$9(OLS)http://semarc/publisher/29626 996 $6260$aJerusalem :$bStudium Biblicum Franciscanum$9(OLS)http://semarc/publisher/33087 996 $6260$aMilano :$bEd. Terra Santa$9(OLS)http://semarc/publisher/35358 LEADER 01389nam a2200301 i 4500 001 000000070978 003 CaOOAMICUS 005 20060529000000.0 008 060529s1999 it u000 u ita u 013 $a42150 020 $a88-311-3147-8 040 $aSeMil$bita 100 0 $aBasilius : Caesariensis,$c.$0(OLS)http://semarc/name/99860 245 12$aI martiri :$bpanegirici per Giulitta, Gordio, 40 soldati di Sebaste, Mamante /$cBasilio di Cesarea ; introduzione, traduzione e note a cura di Mario Girardi. 260 $aRoma :$bCittà Nuova,$ccopyr. 1999. 300 $a144 p. ;$c21 cm. 490 0 $aCollana di testi patristici ;$v147 650 4$aMartiri cristiani.$0(OLS)http://semarc/subject/1590 700 1 $aGirardi, Mario <1948-2015>.$0(OLS)http://semarc/name/18025 830 0$aCollana di testi patristici ;$v147.$0(OLS)http://semarc/title/2 850 $aSeMil 852 $aSeMil$W1$xVenegono$y1$m2U III 247$j37131$B37131$CSeMilBibl$Z2$F37134 $81 900 1 $aBasilius : Magnus . 961 $aAcquisto: Mescat 996 $6020$a88-311-3147-8$9(OLS)http://semarc/number/49887 996 $6245$aI martiri :$bpanegirici per Giulitta, Gordio, 40 soldati di Sebaste, Mamante$9(OLS)http://semarc/title/114083 996 $6260$aRoma :$bCittà Nuova$9(OLS)http://semarc/publisher/29609